000
00304nam a22001337a 4500
008
180206b xxu||||| |||| 00| 0 eng d
020
_a
9780077510367
041
_a
eng
080
_a
54
100
_a
12
101
_a
KIM
245
_a
Gneral, Organic, and biochemstry
_c
Denniston,K.J
942
_2
udc
_c
BK
999
_c
41871
_d
41871